• 首页
  • 本馆介绍
  • 公告通知
  • 最新文献
  • 馆藏检索
  • 电子资源
  • 读者导购
  • 参考咨询
  • 我的图书馆
  • 登录
  • 详细信息显示
  • 放入我的书架
  • 预约/预借图书
  • 作者相关作品
  • 分类相关作品
  • 丛书相关作品
  • 出版社相关作品

书目信息

  • 表格格式
  • 工作单格式
  • 卡片格式
题名:
晶体管开关稳压电源
    
 
作者: ;华东计算技术研究所电源研究室 编著
分册:  
出版信息: 北京   人民邮电出版社  1985
页数: 312页
开本: 20cm
丛书名:
单 册:
中图分类: TN32 , TM44
科图分类:
主题词: 开关电路-晶体管电路-稳压电源 , 稳压电源-晶体管电路-开关电路 , 晶体管电路-开关电路-稳压电源 , 稳定器
电子资源:
ISBN:
000 00910nam0 2200277 45
001 0185020559
005 20071121143348.17
010    @dCNY2.20
091    @a15045
100    @a19900921d1985 emky0chiy0121 ea
101 0  @achi
102    @aCN@b110000
105    @ay z 000yy
200 10 @a晶体管开关稳压电源@Ajing ti guan kai guan wen ya dian yuan@f华东计算技术研究所电源研究室编著@Fhua dong ji suan ji shu yan jiu suo dian yuan yan jiu shi bian zhu
210    @a北京@c人民邮电出版社@d1985
215    @a312页@d20cm
606    @a开关电路-晶体管电路-稳压电源
606    @a稳压电源-晶体管电路-开关电路
606    @a晶体管电路-开关电路-稳压电源
606 0  @a稳定器
690    @aTN32@v3
690    @aTM44@v4
711 02 @a华东计算技术研究所电源研究室@Ahua dong ji suan ji shu yan jiu suo dian yuan yan jiu shi@4编著
801  2 @aCN@bNLC@c20071121
801  0 @aCN@bTSSF
905    @a10447@dTM44@e16
    
    晶体管开关稳压电源/华东计算技术研究所电源研究室编著.-北京:人民邮电出版社,1985
    312页;20cm
    
    
    ISBN :CNY2.20
    
●
相关链接 在E读中查询图书 在五车中查询图书 在当当中查询图书 在豆瓣中查询图书


正题名:晶体管开关稳压电源     索取号:TM44/16         预约/预借

序号 登录号 条形码 馆藏地/架位号 状态 备注
1 0145045   202183261   密集书库/ [索取号:TM44/16] 在馆    
2 0145046   202324270   密集书库/ [索取号:TM44/16] 在馆    
唐山师范学院图书馆 欢迎您!
大连网信软件有限公司© 版权所有